PRECALCULUS (Record no. 216216)

MARC details
000 -LEADER
fixed length control field 00456nam a22001697a 4500
008 - FIXED-LENGTH DATA ELEMENTS--GENERAL INFORMATION
fixed length control field 251119b |||||||| |||| 00| 0 eng d
020 ## - INTERNATIONAL STANDARD BOOK NUMBER
International Standard Book Number 13:978-1-305-99998-5
050 ## - LIBRARY OF CONGRESS CALL NUMBER
Classification number QA 154.2.S794 2017
100 ## - MAIN ENTRY--PERSONAL NAME
Personal name STEWART JAMES
245 ## - TITLE STATEMENT
Title PRECALCULUS
Remainder of title MATHEMATICS FOR CALCULUS
260 ## - PUBLICATION, DISTRIBUTION, ETC.
Place of publication, distribution, etc. AUSTRALIA
Name of publisher, distributor, etc. CENGAGE
Date of publication, distribution, etc. 2017
300 ## - PHYSICAL DESCRIPTION
Extent X,A 83
500 ## - GENERAL NOTE
General note INCLUDES AN INDEX
650 ## - SUBJECT ADDED ENTRY
Topical term or geographic name entry element MATHEMATICS TEXTBOOKS
942 ## - ADDED ENTRY ELEMENTS (KOHA)
Source of classification or shelving scheme Library of Congress Classification
Koha item type Long Loan Book
Holdings
Withdrawn status Lost status Source of classification or shelving scheme Damaged status Not for loan Collection Home library Current library Shelving location Date acquired Inventory number Total checkouts Full call number Barcode Date last seen Copy number Price effective from Koha item type
    Library of Congress Classification     Science & Technology Kisii University Library Kisii University Library On Display 11/19/2025 109854   QA 154.2.S794 2017 000000001642 11/19/2025 4 11/19/2025 Long Loan Book
    Library of Congress Classification     Science & Technology Kisii University Library Kisii University Library On Display 11/19/2025 109853   QA 154.2.S794 2017 000000001641 11/19/2025 3 11/19/2025 Long Loan Book
    Library of Congress Classification     Science & Technology Kisii University Library Kisii University Library On Display 11/19/2025 109852   QA 154.2.S794 2017 000000001640 11/19/2025 2 11/19/2025 Long Loan Book
    Library of Congress Classification     Science & Technology Kisii University Library Kisii University Library On Display 11/19/2025 109851   QA 154.2.S794 2017 000000001639 11/19/2025 1 11/19/2025 Long Loan Book